Gaming Quiz

Random Gaming or Pokémon Quiz

Gen 5 HM Slaves Quiz Stats

 Plays Quiz not verified by Sporcle

Challenge
Share
Tweet
Embed
Score 0/62 Timer 10:00
0 Plays Today
Learnable HMs Pokémon % Correct
6Mew
71.4%
5Bibarel
71.4%
5Samurott
64.3%
5Arceus
53.6%
4Wartortle
53.6%
4Blastoise
53.6%
4Swampert
53.6%
5Croconaw
50%
5Feraligatr
50%
5Empoleon
50%
4Squirtle
50%
4Mudkip
50%
4Marshtomp
50%
4Piplup
50%
4Dewott
50%
6Dragonite
46.4%
5Prinplup
46.4%
4Lapras
46.4%
4Totodile
46.4%
4Wailmer
46.4%
4Wailord
46.4%
4Gyarados
42.9%
5Crawdaunt
39.3%
4Poliwhirl
39.3%
4Poliwrath
39.3%
4Tentacruel
39.3%
4Krabby
39.3%
4Kingler
39.3%
4Kabutops
39.3%
4Corphish
39.3%
6Smeargle
39.3%
Learnable HMs Pokémon % Correct
5Lugia
35.7%
4Golduck
35.7%
4Tentacool
35.7%
4Sharpedo
35.7%
4Kyogre
35.7%
5Latias
32.1%
5Latios
32.1%
5Rayquaza
32.1%
4Psyduck
32.1%
4Vaporeon
32.1%
4Politoed
32.1%
4Spheal
32.1%
4Sealeo
32.1%
4Walrein
32.1%
4Gastrodon
32.1%
4Palkia
32.1%
4Simipour
32.1%
4Marill
28.6%
4Azumarill
28.6%
4Quagsire
28.6%
4Whiscash
28.6%
4Buizel
28.6%
4Floatzel
28.6%
4Panpour
28.6%
4Basculin
28.6%
4Carracosta
28.6%
4Suicune
25%
4Lombre
25%
4Ludicolo
25%
4Tirtouga
25%
4Beartic
14.3%

You're not logged in!

Compare scores with friends on all Sporcle quizzes.
Join for Free
OR
Log In

You Might Also Like...

Show Comments

Extras

Top Quizzes Today


Score Distribution

Your Account Isn't Verified!

In order to create a playlist on Sporcle, you need to verify the email address you used during registration. Go to your Sporcle Settings to finish the process.

Report this User

Report this user for behavior that violates our Community Guidelines.

Details: